Bài giảng lập trình C

Spremljeno u:
Bibliografski detalji
Glavni autor: Huỳnh, Khải Vinh
Format: Knjiga
Izdano: Đồng Tháp
Teme:
Oznake: Dodaj oznaku
Bez oznaka, Budi prvi tko označuje ovaj zapis!
Thư viện lưu trữ: Trung tâm Học liệu Lê Vũ Hùng, Trường Đại học Đồng Tháp
LEADER 00872pam a22003258a 4500
001 00040029
005 20171026081025.0
008 170912s ||||||Viesd
041 0 # |a Vie 
082 1 4 |a 005.1  |b B103GI 
100 1 # |a Huỳnh, Khải Vinh 
245 0 0 |a Bài giảng lập trình C  |c Huỳnh Khải Vinh 
260 # # |a Đồng Tháp 
300 # # |a 64 tr.  |c 19 cm 
500 # # |a ĐTTS:Trường Đại Học Đồng Tháp. Khoa Sư phạm toán - tin 
653 # # |a Bài giảng 
653 # # |a Hướng dẫn 
653 # # |a Lập trình C 
653 # # |a Tin học 
852 # # |b Kho đọc  |j KD.0022354 
852 # # |j KD.0022354 
910 |d 12/09/2017 
980 # # |a Trung tâm Học liệu Lê Vũ Hùng, Trường Đại học Đồng Tháp